Loading...
| Fine Arts - Classical Music | 0 | 5 | 0 | 1 | 50 | 114 | 127.00 | 0 | 0 |
| Science - Physics | 0 | 2 | 0 | 0 | 20 | 125 | 125.50 | 0 | 0 |
| History - European History | 0 | 1 | 0 | 1 | 10 | 125 | 125.00 | 0 | 0 |
| History - Other History | 0 | 1 | 0 | 0 | 10 | 53 | 53.00 | 1 | 1 |
| Literature - British Literature | 0 | 1 | 0 | 0 | 10 | 57 | 57.00 | 0 | 0 |
| History - American History | 0 | 1 | 0 | 0 | 10 | 89 | 89.00 | 0 | 1 |
| Mythology | 0 | 1 | 0 | 0 | 10 | 136 | 136.00 | 0 | 0 |
| Science - Biology | 0 | 1 | 0 | 0 | 10 | 113 | 113.00 | 0 | 0 |
| Science - Chemistry | 0 | 1 | 0 | 1 | 10 | 137 | 137.00 | 0 | 0 |
| Science - Other Science | 0 | 1 | 0 | 0 | 10 | 95 | 95.00 | 0 | 0 |
| Literature - European Literature | 0 | 1 | 0 | 0 | 10 | 78 | 78.00 | 0 | 0 |
| Fine Arts - Visual Fine Arts | 0 | 0 | 0 | 0 | 0 | 0.00 | 0 | 0 | |
| History - World History | 0 | 0 | 1 | 0 | -5 | 0.00 | 0 | 0 | |
| Geography/Current Events | 0 | 0 | 1 | 0 | -5 | 0.00 | 0 | 0 | |
| Social Science | 0 | 0 | 1 | 0 | -5 | 0.00 | 0 | 0 |